00784nam a22002537a 450000500170000001000130001702000100003003500130004003700160005304000120006908200160008110000310009724500730012826000130020127000230021430000280023750000200026565000310028565000370031670000100035394200250036399900190038895201230040720170124110025.0 aB-079988 c00.00 aB-079988 bCen Lib/Ret aDPLbEN a615.52bDHI aDhimman, Anil Kumar920587 aCommon drug plant & ayurvedic remidies /cby Dhiman Anil Kumarb  aHaridwar aHaridwarbHaridwar a636p. :c19cm(Hb)bill. aIncludes index aMedicine, Ayurvedic920588 aMateria medica, Vegetable920589 920425 2ddccENh615.52mDHI c127470d127470 00104070aLbLd2015-06-29eCen Lib/Retg0.00l0o615.52 DHIpB-079988r2015-06-29 00:00:00t1v0.00w2015-06-29yEN